Come bien o muere : riesgos y efectos secundarios de la dieta moderna /

Detalles Bibliográficos
Autor principal: Wagner, Christiane, 1959- (Autor)
Otros Autores: Eisenblätter, Jörg K. (Traductor)
Formato: Electrónico eBook
Lenguaje:español
alemán
Publicado: Villanueva de Córdoba (Córdoba) : Los Libros de la Frontera, [2024]
Materias:
Acceso en línea:Digitalia Hispánica

MARC

LEADER 00000nam a2200000 i 4500
001 DIGLIDFRO0088
003 NyNyDIG
007 cr |||||||||||
008 250117s2024 sp o 000 0 spa d
006 m o d
035 |a (OCoLC)1491108276 
040 |a DGITA  |b eng  |e rda  |e pn  |c DGITA 
020 |z 9788482552569 
041 1 |a spa  |h ger 
050 1 4 |a RA784 ebook 
100 1 |a Wagner, Christiane,  |d 1959-  |e author. 
240 1 0 |a Iss richtig oder stirb.  |l Spanish  |s (Eisenblätter) 
245 1 0 |a Come bien o muere :  |b riesgos y efectos secundarios de la dieta moderna /  |c Vera Wagner ; traducción, Jörg Kurt Eisenblätter. 
264 1 |a Villanueva de Córdoba (Córdoba) :  |b Los Libros de la Frontera,  |c [2024] 
300 |a 1 online resource. 
336 |a text  |b txt  |2 rdacontent 
337 |a computer  |b c  |2 rdamedia 
338 |a online resource  |b cr  |2 rdacarrier 
347 |a text file  |2 rdaft 
347 |b PDF 
504 |a Includes bibliographical references. 
588 0 |a Online resource; title from PDF title page (Digitalia, viewed January 17, 2025) 
650 0 |a Nutrition. 
700 1 |a Eisenblätter, Jörg K.,  |e translator. 
700 1 |i Translation of:  |a Wagner, Christiane,  |d 1959-  |t Iss richtig oder stirb. 
791 2 |a Digitalia (Firm),  |e distributor. 
793 0 |g Digitalia eBook Collection:  |a Libros de la Frontera 
776 0 8 |i Print version:  |a Wagner, Christiane, 1959-  |s Iss richtig oder stirb. Spanish (Eisenblätter).  |t Come bien o muere.  |b Primera edición.  |d Villanueva de Córdoba (Córdoba) : Los Libros de la Frontera, [2024]  |z 9788482552569 
856 4 0 |3 Digitalia Hispánica  |u https://www.digitaliapublishing.com/a/157602/ 
910 |a Premium collection: 2025